000 00288nam a22001337a 4500
008 170927b xxu||||| |||| 00| 0 eng d
020 _a0819168033
041 _aeng
080 _a37
100 _a47
101 _aEDU
245 _aTHE ELEMENTS OF ENGLISH
_cMALLESS,S
942 _2udc
_cBK
999 _c30222
_d30222